000 00526nam a2200193Ia 4500
005 20250326145557.0
008 250326s9999 xx 000 0 und d
037 _aTextbook
040 _aFMSL
_beng
_cFMSL
041 _aeng
_2eng
084 _aX:87 Q3
_qFMSL
100 _aNorthouse P G
_9749470
245 0 _aLeadership; Leadership :theory and practice
_cNorthouse P G
260 _aIndia
_bIndia, Sage
_c2013
365 _b645
650 _aManagement
942 _cTB
_hX:87 Q3
999 _c1308058
_d1308058